000 00319nam a2200145Ia 4500
003 Ost
005 20260225132556.0
008 260225s9999||||xx |||||||||||||| ||und||
040 _cfsic
041 _afre
082 _a440
245 0 _aMicrosoft GW-Basic Interpreter :
245 0 _buser's guide /
942 _cكتاب
999 _c34431
_d34431